Derecho a la intimidad e informática (Record no. 59903)

MARC details
000 -LEADER
campo de control de longitud fija 00926nam a2200241 i 4500
001 - NÚMERO DE CONTROL
campo de control 59903
003 - IDENTIFICADOR DE NÚMERO DE CONTROL
campo de control ES-MaACL
005 - FECHA Y HORA DE LA ÚLTIMA TRANSACCIÓN
campo de control 20250808075505.0
007 - CAMPO FIJO DE DESCRIPCIÓN FÍSICA--INFORMACIÓN GENERAL
campo de control de longitud fija t|
008 - DATOS DE LONGITUD FIJA--INFORMACIÓN GENERAL
campo de control de longitud fija 031031s1983 sp ||||1| spa d
080 ## - NÚMERO DE LA CLASIFICACIÓN DECIMAL UNIVERSAL
Número de la Clasificación Decimal Universal 681.3
080 ## - NÚMERO DE LA CLASIFICACIÓN DECIMAL UNIVERSAL
Número de la Clasificación Decimal Universal 342.738
100 1# - ENTRADA PRINCIPAL--NOMBRE DE PERSONA
Nombre de persona Carrascosa López, Valentín.
9 (RLIN) 35581
245 10 - MENCIÓN DEL TÍTULO
Título Derecho a la intimidad e informática
Resto del título : apertura curso 1983/84 : [lección inagural, Escuela universitaria...] /
Mención de responsabilidad, etc. Valentín Carrascosa López ; Escuela Universitaria Politécnica de Mérida].
260 ## - PUBLICACIÓN, DISTRIBUCIÓN, ETC.
Lugar de publicación, distribución, etc. Mérida :
Nombre del editor, distribuidor, etc. Escuela Universitaria Politécnica,
Fecha de publicación, distribución, etc. 1983.
300 ## - DESCRIPCIÓN FÍSICA
Extensión 72 p. :
Otras características físicas il., gráf. ;
Dimensiones 21 cm.
594 ## - Nota al título y mención de responsabilidad
Nota al título y mención de responsabilidad Tít. tomado de la cub.
650 #4 - PUNTO DE ACCESO ADICIONAL DE MATERIA--TÉRMINO DE MATERIA
Término de materia o nombre geográfico como elemento de entrada Protección de datos-
Subdivisión general Derecho.
9 (RLIN) 148245
650 #7 - PUNTO DE ACCESO ADICIONAL DE MATERIA--TÉRMINO DE MATERIA
Término de materia o nombre geográfico como elemento de entrada Derecho a la intimidad
Fuente del encabezamiento o término embne
9 (RLIN) 148246
710 2# - ENTRADA AGREGADA--NOMBRE DE ENTIDAD CORPORATIVA
Nombre de entidad corporativa o nombre de jurisdicción como elemento de entrada Universidad de Extremadura.
Unidad subordinada Escuela Universitaria Politécnica.
9 (RLIN) 148247
852 ## - LOCALIZACIÓN
Ubicación ES-MaACL
Número de control de estantería L-6573
Holdings
Estatus retirado Estado de pérdida Estado de daño No para préstamo Biblioteca de origen Biblioteca actual Ubicación en estantería Fecha de adquisición Fuente de adquisición Total de préstamos Signatura topográfica completa Código de barras Visto por última vez Precio de reemplazo Tipo de ítem Koha
        Biblioteca del Ateneo de Madrid Biblioteca del Ateneo de Madrid Depósito 2 17/01/2008     L-6573 1062825 23/02/2023 23/02/2023 Libro impreso